00270nam a2200109Ia 4500008004100000100001100041245004200052260003100094650001300125942000700138999001500145190216s9999||||xx |||||||||||||| ||und|| aChabra 0aPrinciples And Practice Of Management bNew Central Book Agencies aCommerce cBK c4878d4878